Las infracciones materiales de la ley 11683 (Registro nro. 22452)

Detalles MARC
000 -LEADER
fixed length control field 00339 a2200109 4500
001 - CONTROL NUMBER
control field ART_51311
005 - DATE AND TIME OF LATEST TRANSACTION
control field 20260410161822.0
008 - FIXED-LENGTH DATA ELEMENTS--GENERAL INFORMATION
fixed length control field 260409a
100 1# - MAIN ENTRY--PERSONAL NAME
Personal name Bello, Alberto M.
245 10 - TITLE STATEMENT
Title Las infracciones materiales de la ley 11683
773 0# - HOST ITEM ENTRY
Title Doctrina Penal Tributaria y Económica
Related parts - N° 55 (mar. 2020)
Record control number REV4317

No hay ítems disponibles.